| 000 | 00727nam a2200241 a 4500 | ||
|---|---|---|---|
| 001 | 000021730 | ||
| 005 | 20200930011428.0 | ||
| 008 | 100910s1963 sp 001 d spa d | ||
| 040 |
_aDO-SdBNP _cBNPHU |
||
| 082 |
_a862.3 _bR918e, 1963 |
||
| 100 | 1 |
_aRueda, Lope de, _d1510-1565 _915855 |
|
| 245 | 1 | 0 |
_aEufemia, Armelina, el deleitoso / _cLope de Rueda. |
| 250 | _a2a ed. | ||
| 260 |
_aMadrid : _bEspasa-Calpe, _c1963. |
||
| 300 |
_a151, [17] p. ; _c18 cm. |
||
| 490 | 1 |
_aAustral. Gris: clásicos _v479 |
|
| 500 | _aIncluye índice de autores. | ||
| 650 | 4 |
_aTeatro español _93071 |
|
| 650 | 4 |
_aLiteratura española _ySIGLO XVI _98688 |
|
| 830 | 0 |
_aAustral. Gris: clásicos ; _v479 _98199 |
|
| 910 | _aWM | ||
| 049 | _aBNGR | ||
| 999 |
_c21229 _d21229 |
||